000 00393nam a2200133Ia 4500
008 150202s9999 xx 000 0 und d
020 _a753455684
050 _aFIC
_bFIC
100 _aClark, Margaret.
245 4 _aThe kingfisher treasury of dragon ttories /
_cMargaret Clark.
260 _aNew York :
_bHoughtonmifflin Books,
_c1997.
300 _a156 pages :
_c18 cm.
650 _aFiction.
999 _c281945
_d281945